00962nam a2200277 4500001000400000003000400004005001700008008004100025040000800066041001300074082001600087100002500103240001100128245007400139260004200213300001100255520025700266650002300523650003000546650001300576650001600589650001300605655001200618655001600630700003800646245OSt20250528074016.0250206b |||||||e |||| 00| 1 eng d bpor hengapor a823bF667tr1 aFollett, Ken,d1949- aTriple aTriângulo /cFollett, Ken ; Tradução de A. B. Pinheiro de Lemos aSão PaulobCírculo do Livroc1979 a385 p. aUm judeu, um russo e um egópcio encotram-se rapidamente em Oxford em 1947. Vinte anos depois um carregamento de urânio desaparece entre Antuérpia e Gênova. Eo homem que voltou da morte recebe uma missão que o coloca novamente num rumo fatal.  0aLiteratura Inglesa 0aCrime e Investigação  0aSuspense 0aFatos Reais 0aPolitica 0aRomance 0aFicção  aA. B. Pinheiro de LemoseTradutor